logo

Bir Sreshtho Munshi Abdur Rouf Library
Jhenaidah Cadet College

Karl Marx and Frederick Engels : (Record no. 7945)

MARC details
000 -LEADER
fixed length control field 00923nam a2200265 a 4500
001 - CONTROL NUMBER
control field 7945
003 - CONTROL NUMBER IDENTIFIER
control field BD-JhCC
005 - DATE AND TIME OF LATEST TRANSACTION
control field 20180215171931.0
008 - FIXED-LENGTH DATA ELEMENTS--GENERAL INFORMATION
fixed length control field 870401s1973 ru 000 0 eng d
035 ## - SYSTEM CONTROL NUMBER
System control number (BD-JhCC)7945
040 ## - CATALOGING SOURCE
Original cataloging agency ANL
Language of cataloging eng
Transcribing agency ANL
Modifying agency BD-JhCC
041 ## - LANGUAGE CODE
Language code of text/sound track or separate title eng
050 00 - LIBRARY OF CONGRESS CALL NUMBER
Classification number HX39.5.A224
082 04 - DEWEY DECIMAL CLASSIFICATION NUMBER
Classification number 335.4108
Edition number MAR 1973
100 1# - MAIN ENTRY--PERSONAL NAME
Personal name Marx, Karl,
Dates associated with a name 1818-1883.
245 ## - TITLE STATEMENT
Title Karl Marx and Frederick Engels :
Remainder of title Selected Works in three Volumes /
Statement of responsibility, etc. Karl Marx, 1818-1883; Friedrich Engels, 1820-1895
260 ## - PUBLICATION, DISTRIBUTION, ETC.
Place of publication, distribution, etc. Moscow :
Name of publisher, distributor, etc. Progress Publishers,
Date of publication, distribution, etc. 1973.
300 ## - PHYSICAL DESCRIPTION
Extent 3 v. :
Other physical details ports. ;
Dimensions 22 cm.
500 ## - GENERAL NOTE
General note "Follows the Russian edition ... prepared by the Institute of Marxism-Leninism, ... Moscow, 1966.".
504 ## - BIBLIOGRAPHY, ETC. NOTE
Bibliography, etc. note Includes bibliographical references.
650 #0 - SUBJECT ADDED ENTRY--TOPICAL TERM
Topical term or geographic name entry element Marxian economics
General subdivision Collections.
650 #0 - SUBJECT ADDED ENTRY--TOPICAL TERM
Topical term or geographic name entry element Socialism
General subdivision Collections.
700 1# - ADDED ENTRY--PERSONAL NAME
Personal name Engels, Friedrich,
Dates associated with a name 1820-1895.
942 ## - ADDED ENTRY ELEMENTS (KOHA)
Source of classification or shelving scheme Dewey Decimal Classification
Koha item type Books
Holdings
Withdrawn status Lost status Source of classification or shelving scheme Materials specified (bound volume or other part) Damaged status Not for loan Home library Current library Shelving location Date acquired Total Checkouts Full call number Barcode Date last seen Copy number Price effective from Koha item type
    Dewey Decimal Classification V-3     JCC Rouf Library JCC Rouf Library General Stacks 02/15/2018   335.4108 10569 02/15/2018 C-1 02/15/2018 Books
    Dewey Decimal Classification V-1     JCC Rouf Library JCC Rouf Library General Stacks 03/04/2018   335.4108 11833 03/04/2018 C-1 03/04/2018 Books
    Dewey Decimal Classification V-2     JCC Rouf Library JCC Rouf Library General Stacks 03/04/2018   335.4108 11834 03/04/2018 C-1 03/04/2018 Books

JCC Library | Contacts | JCC Home

Last Update on 23 September 2017
Copyright @ 2017-2020 JCC Rouf Library
Rouf Library, Jhenidah Cadet College (JCC), Bangladesh